The known world /

Bibliographic Details
Main Author: Bogen, Don
Format: Book
Language:English
Published: Hanover, NH : Published by the University Press of New England [for] Wesleyan University Press, [1997]
Series:Wesleyan poetry.

MARC

Tag First Indicator Second Indicator Subfields
LEADER 00000cam a2200000 a 4500
001 in00001349430
005 20151006060304.0
008 960823s1997 nhu 000 0 eng
010 |a  96038589  
020 |a 0819522333 (alk. paper) 
020 |a 0819522376 (alk. paper) 
035 |a (OCoLC)35331311 
035 |9 AHG0028AM 
040 |a DLC  |c DLC  |d C#P  |d TXA  |d UtOrBLW 
049 |a TXAM 
050 0 0 |a PS3552.O4337  |b K57 1997 
082 0 0 |a 811/.54  |2 20 
100 1 |a Bogen, Don. 
245 1 4 |a The known world /  |c Don Bogen. 
264 1 |a Hanover, NH :  |b Published by the University Press of New England [for] Wesleyan University Press,  |c [1997] 
264 4 |c ©1997 
300 |a 71 pages ;  |c 23 cm. 
336 |a text  |b txt  |2 rdacontent 
337 |a unmediated  |b n  |2 rdamedia 
338 |a volume  |b nc  |2 rdacarrier 
490 1 |a Wesleyan poetry 
830 0 |a Wesleyan poetry. 
999 |a MARS 
999 f f |s 45495b9d-3b34-308b-a0ac-017e07e0e879  |i 87588776-1c63-3d70-a45f-986f6dad1517  |t 0 
952 f f |p ric  |a Texas A&M University  |b Rellis Campus  |c Joint Library Facility  |d Remote Storage  |t 0  |e PS3552.O4337 K57 1997  |h Library of Congress classification  |i unmediated -- volume  |m A14820953157 
998 f f |a PS3552.O4337 K57 1997  |t 0  |l Remote Storage